000 00222nam a22000977a 4500
999 _c263250
_d263249
020 _a9780545880916
100 _aSantat Dan
245 _aBeckie the Unimaginary friend
260 _aNew York
_bScholastic
_c2014
942 _cBK